Cirugía cardiovascular (Record no. 88521)

MARC details
000 -LEADER
campo de control de longitud fija 00560nam a2200157 i 4500
001 - NÚMERO DE CONTROL
campo de control 88521
003 - IDENTIFICADOR DE NÚMERO DE CONTROL
campo de control ES-MaACL
007 - CAMPO FIJO DE DESCRIPCIÓN FÍSICA--INFORMACIÓN GENERAL
campo de control de longitud fija t|
008 - DATOS DE LONGITUD FIJA--INFORMACIÓN GENERAL
campo de control de longitud fija 050104s1959 sp ||||1| spa d
100 1# - ENTRADA PRINCIPAL--NOMBRE DE PERSONA
Nombre de persona Lam, Conrad R.
9 (RLIN) 69749
245 10 - MENCIÓN DEL TÍTULO
Título Cirugía cardiovascular
Resto del título : estudios sobre fisiología, diagnóstico y técnicas /
Mención de responsabilidad, etc. Conrad R. Lam ; traducido del inglés por José Calderón Montero.
260 ## - PUBLICACIÓN, DISTRIBUCIÓN, ETC.
Lugar de publicación, distribución, etc. Madrid :
Nombre del editor, distribuidor, etc. Espasa-Calpe,
Fecha de publicación, distribución, etc. 1959.
300 ## - DESCRIPCIÓN FÍSICA
Extensión XXVIII, 578 p., 8 lám. ;
Dimensiones 25 cm.
700 1# - ENTRADA AGREGADA--NOMBRE PERSONAL
Nombre de persona Calderón Montero, José.
9 (RLIN) 33623
852 ## - LOCALIZACIÓN
Ubicación ES-MaACL
Número de control de estantería E-2391
Sublocalización o colección R.43519
Holdings
Estatus retirado Estado de pérdida Estado de daño No para préstamo Biblioteca de origen Biblioteca actual Ubicación en estantería Fecha de adquisición Fuente de adquisición Total de préstamos Signatura topográfica completa Código de barras Visto por última vez Precio de reemplazo Tipo de ítem Koha
        Biblioteca del Ateneo de Madrid Biblioteca del Ateneo de Madrid Depósito 2 17/01/2008     E-2391 1092465 23/02/2023 23/02/2023 Libro impreso